000
00238nam a22000857a 4500
008
160706b xxu||||| |||| 00| 0 eng d
100
_9
2370
_a
Govindan, S
245
_a
Where does the Wind Live
260
_a
New Delhi
_b
National Book Trust
_c
2001
999
_c
2046
_d
2046